000
00348nam a2200145Ia 4500
008
240624s9999 xx 000 0 und d
041
_a
eng
082
_a
332.6 KOL
100
_a
KOLB ROBERT
245
_a
UNDERSTANDING FUTURES MARKETS
250
_a
(6th ed.)
260
_c
2006
_a
Victoria
_b
Wiley-Blackwell
300
_a
624 : p.
365
_c
_b
27
999
_c
18323
_d
18323